Guess the Movie from the Cast #7 - Statistics

General Stats
  • This quiz has been taken 148 times
  • The average score is 6 of 10
Answer Stats
Hint Answer % Correct
Brad Pitt / Morgan Freeman / Gwyneth Paltrow / Kevin Spacey Seven
85%
Daisy Ridley / John Boyega / Harrison Ford / Adam Driver Star Wars: The Force Awakens
79%
(a) Mike Myers / Eddie Murphy / Cameron Diaz / John Lithgow (a) Shrek
72%
Quentin Tarantino / Harvey Keitel / Steve Buscemi / Tim Roth Reservoir Dogs
57%
Humphrey Bogart / Ingrid Bergman / Paul Henreid / Conrad Veidt Casablanca
55%
Jason Bateman / Charlie Day / Jason Sudeikis / Jennifer Aniston Horrible Bosses
51%
Sandra Bullock / Ryan Reynolds / Malin Åkerman / Betty White The Proposal
50%
Tom Cruise / Ken Watanabe / Koyuki / Timothy Spall The Last Samurai
48%
Tom Holland / Mark Wahlberg / Antonio Banderas / Sophia Ali Uncharted
47%
Jennifer Lopez / Ralph Fiennes / Natasha Richardson / Stanley Tucci Maid in Manhattan
36%
No matching quizzes found
Score Distribution
Percent of People with Each Score
Percentile by Number Answered
Your Score History
You have not taken this quiz